संवाद चलता रहे (Record no. 28792)

MARC details
000 -LEADER
fixed length control field 00338nam a22001337a 4500
003 - CONTROL NUMBER IDENTIFIER
control field SGT
020 ## - INTERNATIONAL STANDARD BOOK NUMBER
International Standard Book Number 8070554136
082 ## - DEWEY DECIMAL CLASSIFICATION NUMBER
Classification number 070
Item number S95C
100 ## - MAIN ENTRY--PERSONAL NAME
Personal name चौबे, कृपाशंकर
245 ## - TITLE STATEMENT
Title संवाद चलता रहे
260 ## - PUBLICATION, DISTRIBUTION, ETC. (IMPRINT)
Name of publisher, distributor, etc वाणी प्रकाशन
Year of Publication 1995
300 ## - PAGE DESCRIPTION
No. of Pages 222
942 ## - ADDED ENTRY ELEMENTS (KOHA)
Source of classification or shelving scheme Dewey Decimal Classification
Koha item type Books
Holdings
Withdrawn status Lost status Source of classification or shelving scheme Damaged status Not for loan Home library Current library Shelving location Date acquired Cost, normal purchase price SGTU Total Checkouts Full call number Accession No. (Barcode) Date last seen Bill Date Koha item type
    Dewey Decimal Classification   Not For Loan SGT Chancellor's Library SGT Chancellor's Library Reference Book 09/01/2025 175.00 SGTU   070 S95C CH1636 09/01/2025 09/01/2025 Books